Top 5 European Leagues Top Assisters: 2006/07 - Statistics

General Stats
  • This quiz has been taken 6 times
  • The average score is 12 of 30
Answer Stats
League Assists Club Nationality Player % Correct
Premier League 15 Manchester United Portugal Cristiano Ronaldo
100%
La Liga 12 Barcelona Portugal Deco
100%
La Liga 9 Barcelona Brazil Ronaldinho
100%
La Liga 8 Barcelona Cameroon Samuel Eto'o
100%
Serie A 9 Roma Italy Francesco Totti
83%
Premier League 12 Chelsea England Frank Lampard
83%
Premier League 12 Manchester United England Wayne Rooney
83%
Premier League 11 Arsenal Spain Cesc Fabregas
67%
Serie A 10 Fiorentina Romania Adrian Mutu
50%
Serie A 10 Inter Brazil Adriano
50%
La Liga 7 Valencia Spain David Villa
50%
Serie A 9 Inter Seria Dejan Stankovic
50%
Bundesliga 14 Werder Bremen Brazil Diego
50%
La Liga 7 Real Madrid Spain Guti
50%
Ligue 1 12 Lyon Brazil Juninho
50%
Bundesliga 11 Bayer Leverkusen Germany Bernd Schneider
33%
Ligue 1 9 Marseille France Franck Ribery
33%
Bundesliga 15 Werder Bremen Germany Miroslav Klose
33%
Bundesliga 11 Schalke Germany Kevin Kuranyi
17%
Bundesliga 13 Eintracht Frankfurt Germany Albert Streit
0%
Serie A 9 Brescia Italy Antonio Busce
0%
Ligue 1 9 Nancy France Benjamin Gavanon
0%
Serie A 9 Lazio Italy Cristian Ledesma
0%
Premier League 10 Blackburn England David Bentley
0%
Ligue 1 9 Lyon France Florent Malouda
0%
La Liga 7 Athletic Bilbao Spain Fran Yeste
0%
Serie A 10 Reggina Italy Giacomo Tedesco
0%
Serie A 11 Empoli Italy Ighli Vannucchi
0%
La Liga 7 Villarreal Chile Matias Fernandez
0%
Ligue 1 12 Troyes France Yann Lachuer
0%
No matching quizzes found
Score Distribution
Percent of People with Each Score
Percentile by Number Answered
Your Score History
You have not taken this quiz